| 000 | 01194cam a22003135a 4500 | ||
|---|---|---|---|
| 001 | 16499290 | ||
| 005 | 20161024100453.0 | ||
| 008 | 101013s2007 ne a frb 001 0 eng d | ||
| 010 | _a 2010484128 | ||
| 020 | _a9780444522603 (hbk.) | ||
| 020 | _a0444522603 (hbk.) | ||
| 035 | _a(OCoLC)ocm76798118 | ||
| 040 |
_aUKM _beng _cUKM _dBAKER _dOHX _dBTCTA _dYDXCP _dTXA _dCUY _dEUM _dAHS _dDLC _dEG-ScBUE |
||
| 082 | 0 | 4 |
_a668.55 _bANA _222 |
| 245 | 0 | 0 |
_aAnalysis of cosmetic products / _cedited by Amparo Salvador and Alberto Chisvert. |
| 250 | _a1st ed. | ||
| 260 |
_aAmsterdam ; _aLondon : _bElsevier, _c2007. |
||
| 300 |
_axvii, 487 p. : _bill. ; _c25 cm. |
||
| 500 | _aIndex : p. 475-487. | ||
| 504 | _aIncludes bibliographical references. | ||
| 520 | _a'Analysis of Cosmetic Products' advises the reader from an analytical chemistry perspective on the choice of suitable analytical methods for production monitoring and quality control of cosmetic products. | ||
| 650 | 0 |
_aCosmetics _xAnalysis. _2BUEsh |
|
| 651 | _2BUEsh | ||
| 653 |
_bPPhrm _cOctober2016 |
||
| 655 |
_vReading book _934232 |
||
| 700 | 1 |
_aSalvador, Amparo, _eeditor. |
|
| 700 | 1 |
_aChisvert, Alberto, _eeditor. |
|
| 942 | _2ddc | ||
| 999 |
_c22809 _d22781 |
||